000 00687nam1a22002291i 4500
001 rc\4890370
005 20240724171120.0
035 _a(NLR Aleph) 008922203
090 _a8831381
_c8831381
100 _a20130426d1961 |||y0rusy50 ca
101 0 _arus
102 _aRU
105 _a z |||||
200 1 _aЭстрада
_e[Сборник]
_eВып. 1-
210 _aМосква
_cСов. Россия
_d1961
215 _d20
225 1 _aБиблиотечка "Художественная самодеятельность"
606 _aЭстрада
_xРепертуар
_2psbo
801 0 _aRU
_bNLR
_gpsbo
801 1 _aRU
_bELAR
_2rusmarc
852 _aNLR
_j61-3/1088
942 _cBOOK